[Event "Miedzywojewodzkie Mistrzostwa Juniorow ("]
[Site "Centrum Konferencyjno-Sportowe"]
[Date "2012.??.??"]
[Round "9.5"]
[White "Drozdz, Jakub"]
[Black "Kozakow, Aleksy"]
[Result "0-1"]
[WhiteElo "1371"]
[BlackElo "1655"]
[PlyCount "106"]
[EventDate "2012.??.??"]

1. c4 b6 2. Nc3 e6 3. Nf3 Bb7 4. e3 Nf6 5. g3 Be7 6. Bg2 O-O 7. O-O c5 8. b3
Nc6 9. Bb2 d6 10. Rc1 Rc8 11. Qe2 a6 12. d3 Qc7 13. Rfd1 Rfd8 14. d4 d5 15. a4
h6 16. h3 Na5 17. Nd2 cxd4 18. exd4 dxc4 19. Nxc4 Nxb3 20. Bxb7 Nxc1 21. Rxc1
Qxb7 22. Nd1 b5 23. axb5 Qxb5 24. Rc2 Nd5 25. Ne5 Rxc2 26. Qxc2 Bf6 27. Nf3 Rb8
28. Ba3 Qb3 29. Qxb3 Rxb3 30. Nd2 Rxa3 31. Kf1 a5 32. Nc4 Ra1 33. Ke2 Bxd4 34.
Nde3 Nxe3 35. fxe3 Bf6 36. Kd3 a4 37. Kc2 a3 38. Nxa3 Rxa3 39. Kd2 Bg5 40. Ke2
Rxe3+ 41. Kf2 Ra3 42. h4 Bxh4 43. gxh4 g5 44. h5 f5 45. Kg2 e5 46. Kf2 g4 47.
Ke2 f4 48. Kf2 e4 49. Kg2 Ra2+ 50. Kf1 g3 51. Kg1 f3 52. Kf1 e3 53. Ke1 Ra1#
0-1

[Event "Miedzywojewodzkie Mistrzostwa Juniorow ("]
[Site "Centrum Konferencyjno-Sportowe"]
[Date "2012.??.??"]
[Round "9.7"]
[White "Kankowski, Daniel"]
[Black "Bober, Wojciech"]
[Result "0-1"]
[WhiteElo "1442"]
[BlackElo "1405"]
[PlyCount "52"]
[EventDate "2012.??.??"]

1. d4 d5 2. e3 e6 3. c4 Nf6 4. Nc3 b6 5. Nf3 Be7 6. Bd3 Bb7 7. O-O O-O 8. Re1
Ne4 9. Qc2 f5 10. Ne5 Nxc3 11. bxc3 Bd6 12. f4 Nd7 13. cxd5 Bxd5 14. c4 Bb7 15.
Bb2 Nxe5 16. fxe5 Bb4 17. Rf1 Qg5 18. e4 Qe3+ 19. Kh1 Bxe4 20. Bxe4 fxe4 21.
Qd1 Rxf1+ 22. Qxf1 Rf8 23. Qc1 Qxc1+ 24. Rxc1 Rf2 25. Bc3 Bxc3 26. Rxc3 Rf1#
0-1